000 00811cab a2200169 4500
001 ##ABS67478
008 040301n2004 000 0 eng u
035 _a(Sirsi) u125268
100 1 _aShaw, E.
245 0 0 _aIt's not all black and white
260 _c2004
490 0 _aEstates Gazette
_v(0404) 24 January 2004, 106(1)
520 _aWarns that deciding whether deterioration of a building's fabric is a breach of a covenant to repair requires subjective judgment. Points out that dilapidations obligations are property-specific and subjective judgment is required to assess whether a breach exists and the appropriate remedy. An element of deterioration is allowable due to the effect of time.
590 _aABS
690 _aPROPERTY-LEASEHOLD PROPERTY-LANDLORD AND TENANT-DILAPIDATIONS
942 _n0
999 _c74193
_d74193